Az olvasásképesség fejlettsége az iskoláskor elején

Elmentve itt :
Bibliográfiai részletek
Szerzők: B. Németh Mária
Molnár Éva
Dózsa Mónika
Testületi szerző: Pedagógiai Értékelési Konferencia (4.) (2006) (Szeged)
Dokumentumtípus: Könyv része
Megjelent: 2006
Sorozat:Pedagógiai Értékelési Konferencia 4
Kulcsszavak:Olvasásképesség - előadáskivonat, Olvasáskészség - előadáskivonat
Online Access:http://acta.bibl.u-szeged.hu/60233
LEADER 00794naa a2200205 i 4500
001 acta60233
005 20260224081030.0
008 190730s2006 hu o 100 hun d
040 |a SZTE Egyetemi Kiadványok Repozitórium  |b hun 
041 |a hun 
100 2 |a B. Németh Mária 
245 1 3 |a Az olvasásképesség fejlettsége az iskoláskor elején  |h [elektronikus dokumentum] /  |c  B. Németh Mária 
260 |c 2006 
300 |a 49 
490 0 |a Pedagógiai Értékelési Konferencia  |v 4 
695 |a Olvasásképesség - előadáskivonat, Olvasáskészség - előadáskivonat 
700 0 1 |a Molnár Éva  |e aut 
700 0 1 |a Dózsa Mónika  |e aut 
710 |a Pedagógiai Értékelési Konferencia (4.) (2006) (Szeged) 
856 4 0 |u http://acta.bibl.u-szeged.hu/60233/1/pek_2006_049.pdf  |z Dokumentum-elérés